Which Wildcats Did They Play For? Quiz Stats

Quiz not verified by Sporcle

Challenge
Share
Tweet
Embed
Score 0/30 Timer 06:00
0 Plays Today
% Correct
Kentucky Wildcats
83.1%
Kentucky Wildcats
76.4%
Davidson Wildcats
75%
Kentucky Wildcats
75%
Kentucky Wildcats
66.9%
Arizona Wildcats
66.2%
Arizona Wildcats
64.2%
Kentucky Wildcats
60.1%
Kentucky Wildcats
54.7%
Arizona Wildcats
52%
Kentucky Wildcats
51.4%
Kentucky Wildcats
49.3%
Kentucky Wildcats
49.3%
Kansas State Wildcats
45.3%
Kansas State Wildcats
45.3%
% Correct
Kentucky Wildcats
44.6%
Villanova Wildcats
44.6%
Kansas State Wildcats
42.6%
Villanova Wildcats
37.8%
Kansas State Wildcats
36.5%
Northwestern Wildcats
35.1%
Northwestern Wildcats
33.1%
Villanova Wildcats
32.4%
Kentucky Wildcats
31.1%
Bethune-Cookman Wildcats
30.4%
Arizona Wildcats
29.7%
Villanova Wildcats
29.1%
Northwestern Wildcats
29.1%
Abilene Christian Wildcats
26.4%
Bethune-Cookman Wildcats
22.3%

You're not logged in!

Compare scores with friends on all Sporcle quizzes.
Join for Free
OR
Log In

You Might Also Like...

Show Comments

Extras

Top Quizzes Today


Score Distribution

Your Account Isn't Verified!

In order to create a playlist on Sporcle, you need to verify the email address you used during registration. Go to your Sporcle Settings to finish the process.

Report this User

Report this user for behavior that violates our Community Guidelines.

Details: